000 00764nam a2200217 4500
001 121658
003 ES-MaACL
005 20230906191808.0
007 t|
008 070214s1981 sp r ||||1| spa d
100 1 _aPorteiro, María José.
_993199
245 1 0 _aCelso Emilio Ferreiro
_b: compañero del viento y las estrellas = Celso Emilio Ferreiro : compañeiro do vento e das estrelas /
_cMaría José Porteiro, José Antonio Perozo.
250 _aedición bilingüe español-gallego.
260 _aMadrid :
_bAkal,
_c1981.
300 _a147 p., 8 lám. ;
_c18 cm.
490 1 _aArealonga ;
_v57
700 1 _aPerozo, José Antonio.
_991326
830 0 _aArealonga ;
_v57
_9183473
852 _aES-MaACL
_jL-2700
_bR.102771
999 _c121658
_d121658